Терапия принятия и ответственности при пограничном расстройстве личности (Запись № 12536580)

Подробности
000 -МАРКЕР
контрольное поле 03757nam0a2200385 4500
001 - ИДЕНТИФИКАТОР ЗАПИСИ
контрольное поле RU\NLR\BIBL_A\012886375
005 - ИДЕНТИФИКАТОР ВЕРСИИ
контрольное поле 20221201141855.0
010 ## - МЕЖДУНАРОДНЫЙ СТАНДАРТНЫЙ НОМЕР КНИГИ (ISBN)
Номер (ISBN) 978-5-907458-66-6
Тираж 300
010 ## - МЕЖДУНАРОДНЫЙ СТАНДАРТНЫЙ НОМЕР КНИГИ (ISBN)
Номер (ISBN) 978-1-6840-3177-1
Тираж 300
021 ## - НОМЕР ГОСУДАРСТВЕННОЙ РЕГИСТРАЦИИ
Код страны Российская Федерация
Номер КН-П-22-046889
Номер Листа государственной регистраци КН-П-22-4049
035 ## - ДРУГИЕ СИСТЕМНЫЕ НОМЕРА
Идентификатор записи (NLR Aleph) 012886375
035 ## - ДРУГИЕ СИСТЕМНЫЕ НОМЕРА
Идентификатор записи (RuMoRGB)011150184
100 ## - ДАННЫЕ ОБЩЕЙ ОБРАБОТКИ
Данные общей обработки 20220912d2022 k y0rusy50 ca
101 1# - ЯЗЫК РЕСУРСА
Язык текста, звукозаписи и т.д. русский
102 ## - СТРАНА ПУБЛИКАЦИИ ИЛИ ПРОИЗВОДСТВА
Страна публикации Российская Федерация
105 ## - ПОЛЕ КОДИРОВАННЫХ ДАННЫХ: ТЕКСТОВЫЕ МАТЕРИАЛЫ, МОНОГРАФИЧЕСКИЕ
Кодированные данные о монографическом текстовом документе a|||z|||000zy
181 #0 - ПОЛЕ КОДИРОВАННЫХ ДАННЫХ: ВИД СОДЕРЖАНИЯ
Код вида содержания (ISBD) i
Код характеристики содержания (ISBD) axxe
182 #1 - ПОЛЕ КОДИРОВАННЫХ ДАННЫХ: ТИП СРЕДСТВА
Код типа средства (ISBD) n - непосредственное
200 1# - ЗАГЛАВИЕ И СВЕДЕНИЯ ОБ ОТВЕТСТВЕННОСТИ
Основное заглавие Терапия принятия и ответственности при пограничном расстройстве личности
Сведения, относящиеся к заглавию гибкий план лечения клиентов с дисрегуляцией эмоций
Первые сведения об ответственности Патрисия Э. Зурита Она, д-р психологии
Последующие сведения об ответственности [предисловие Расса Хэрриса]
-- перевод с английского канд. биол. наук Т. С. Дюбко
203 ## - ВИД СОДЕРЖАНИЯ И ТИП СРЕДСТВА
Вид содержания Текст
Дополнительные сведения об издании визуальный
Тип средства непосредственный
210 ## - ПУБЛИКАЦИЯ, РАСПРОСТРАНЕНИЕ И ДР.
Место издания, распространения и т.д. Москва
-- Санкт-Петербург
Имя издателя, распространителя и т. д. Диалектика
Дата издания, распространения и т.д. 2022
215 ## - ФИЗИЧЕСКАЯ ХАРАКТЕРИСТИКА
Специфическое обозначение материала и объем 383 с.
Другие сведения о физической характеристике ил.
Размеры 24
300 ## - ОБЩИЕ ПРИМЕЧАНИЯ
Текст примечания Загл. и авт. ориг.: Acceptance & commitment therapy for borderline personality disorder / Patricia E. Zurita Ona, PsyD
320 ## - ПРИМЕЧАНИЯ О НАЛИЧИИ В ДОКУМЕНТЕ БИБЛИОГРАФИИ / УКАЗАТЕЛЯ
Текст примечания Библиогр.: с. 375-383 (103 назв.)
330 ## - РЕЗЮМЕ ИЛИ РЕФЕРАТ
Текст примечания Как известно, клиентам с пограничным расстройством личности (ПРЛ) и эмоциональной дисрегуляцией часто приходится справляться с негативными представлениями о себе, которые приводят к возникновению чувства стыда, проблемам в межличностных отношениях и самоповреждающему поведению. И хотя диалектическая поведенческая терапия (ДПТ) стала стандартным методом лечения ПРЛ, терапия принятия и ответственности (АСТ) обладает мощным потенциалом для лечения этого расстройства. Данная книга представляет собой комплексную программу для проведения АСТ с клиентами, имеющими ПРЛ. Используя предложенный 16-недельный протокол, терапевт поможет клиентам преодолеть основную движущую силу ПРЛ - избегание внутреннего опыта - и обрести психологическую гибкость, необходимую для того, чтобы гармонизировать эмоции и начать исцеление. Терапевт также найдет здесь обзор пяти важных навыков АСТ, практические советы и стратегии по включению каждого из этих навыков в психотерапевтические сеансы
454 #0 - ОРИГИНАЛ (ПЕРЕВОДА)
Встроенное поле 2001#$aAcceptance & commitment therapy for borderline personality disorder$fPatricia E. Zurita Ona, PsyD
-- 700#1$aZurita Ona$bP. E.$gPatricia E.
606 1# - НАИМЕНОВАНИЕ ТЕМЫ КАК ПРЕДМЕТ
Наименование темы Пограничные расстройства
Тематический подзаголовок Психотерапия
Код системы nlr_sh2
Идентификатор авторитетной/нормативной записи RU\NLR\AUTH\661496522
686 1# - ИНДЕКСЫ ДРУГИХ КЛАССИФИКАЦИЙ
Индекс Р645.93-57
686 1# - ИНДЕКСЫ ДРУГИХ КЛАССИФИКАЦИЙ
Индекс Ю948.1-82
700 #1 - ИМЯ ЛИЦА - ПЕРВИЧНАЯ ОТВЕТСТВЕННОСТЬ
Начальный элемент ввода Зурита Она
Часть имени, кроме начального элемента ввода П. И.
Расширение инициалов личного имени Патрисия И.
Идентификатор авторитетной/нормативной записи RU\NLR\AUTH\770210385
942 ## - ДОПОЛНИТЕЛЬНЫЕ ЭЛЕМЕНТЫ ЗАПИСИ (АБИС)
Тип экземпляра АБИС Книга
980 ## - КОЛЛЕКЦИЯ
Название коллекции Национальная библиография
Экземпляры
Тип экземпляра Дата поступления Источник поступления Библиотека постоянного хранения Библиотека текущего хранения Место хранения Шифр хранения Штрих-код Статус экземпляра
Книга 12.09.2022 Обязательный экземпляр РНБ (Московский) РНБ (Московский) Русский книжный фонд: издания с 1957 года 2022-7/6581 1-3956446  
Книга 12.09.2022 Обязательный экземпляр РНБ (Московский) РНБ (Московский) Русский книжный фонд: издания с 1957 года 2022-7/6581 1-3956442